Advanced Data Structures (Record no. 6986)

MARC details
000 -LEADER
fixed length control field 00301nam a2200133Ia 4500
008 - FIXED-LENGTH DATA ELEMENTS--GENERAL INFORMATION
fixed length control field 191201s2018 xx 000 0 und d
020 ## - INTERNATIONAL STANDARD BOOK NUMBER
International Standard Book Number 9781107439825
100 ## - MAIN ENTRY--PERSONAL NAME
Personal name BRASS,Peter
245 #0 - TITLE STATEMENT
Title Advanced Data Structures
260 ## - PUBLICATION, DISTRIBUTION, ETC. (IMPRINT)
Name of publisher, distributor, etc Combridge
Date of publication, distribution, etc 2018
300 ## - PHYSICAL DESCRIPTION
Extent 456
650 ## - SUBJECT ADDED ENTRY--TOPICAL TERM
Topical term or geographic name as entry element MCA
942 ## - ADDED ENTRY ELEMENTS (KOHA)
Source of classification or shelving scheme Dewey Decimal Classification
Koha item type Text Books
Holdings
Withdrawn status Lost status Source of classification or shelving scheme Damaged status Not for loan Collection code Home library Current library Date acquired Source of acquisition Cost, normal purchase price Bill Number Total Checkouts Full call number Acc. no. / Barcode Date last seen Actual Cost, discounted price Bill Date Koha item type Date last borrowed Checked out
    Dewey Decimal Classification     MCA PIET C-LIBRARY PIET C-LIBRARY 21/07/2020 Kirti Prakashan 795.00 IN 3911   005.73 BRA 31039 04/12/2019 516.75 18/05/2019 Text Books    
    Dewey Decimal Classification     MCA PIET C-LIBRARY PIET C-LIBRARY 21/07/2020 Kirti Prakashan 795.00 IN 3911   005.73 BRA 31040 04/12/2019 516.75 18/05/2019 Text Books    
    Dewey Decimal Classification     MCA PIET C-LIBRARY PIET C-LIBRARY 21/07/2020 Kirti Prakashan 795.00 IN 3911   005.73 BRA 31041 04/12/2019 516.75 18/05/2019 Text Books    
    Dewey Decimal Classification     MCA PIET C-LIBRARY PIET C-LIBRARY 21/07/2020 Kirti Prakashan 795.00 IN 3911   005.73 BRA 31042 04/12/2019 516.75 18/05/2019 Text Books    
    Dewey Decimal Classification     Computer Science & Engineering in Cyber Security PIET C-LIBRARY PIET C-LIBRARY 21/07/2020 Kirti Prakashan 795.00 IN 3911 1 005.73 BRA 31043 02/03/2022 516.75 18/05/2019 Text Books 29/12/2021  
    Dewey Decimal Classification     Computer Science & Engineering in Cyber Security PIET C-LIBRARY PIET C-LIBRARY 21/07/2020 Kirti Prakashan 795.00 IN 3911 1 005.73 BRA 31044 28/11/2025 516.75 18/05/2019 Text Books 28/11/2025 16/06/2026

Design & Developed by: PIET Central Library
R70 Miles Stone Pattikalyana Samalkha Panipat 132102
mail ID :- [email protected], Phone No:- 0180-2569700 Ex.216